000 00888nam a2200193Ia 4500
005 20251020182609.0
008 200515s9999 xx 000 0 und d
082 _aSC/621.436/F39-MI
110 _aInstituto de Capacitación de la Industria de la Construcción
245 0 _aMotores a diésel : Nivel 1 : Manual del instructor
260 _aMéxico, D.F.
260 _cs.a.
300 _a58
500 _a las características que deben resumir los aceites para motor, así como la identificación de los componentes del motor y sus sistemas
520 _aMaterial dirigido a los ayudantes de mecánica, que se desenvuelven en el área de motores diésel. Tiene como propósito introducirlo dentro de dicha área. El contenido señala las bases de cómo seleccionar la información escrita de acuerdo al equipo y las ne
650 _aMOTORES
650 _aPUB ICIC
942 _cLIB
999 _c3288
_d3288